banner-ar

شعر ابى اسحاق الصابئ ( المتوفى 384 هـ ) : (Record no. 59833)

MARC details
000 -الفاتح
حقل البيانات ثابتة الطول 01028nam a22002537a 4500
005 - وقت وتاريخ اخر تعامل مع التسجيلة
رقم الضبط 20240530110338.0
008 - عناصر البيانات ثابتة الطول - معلومات عامة
حقل البيانات ثابتة الطول 141023s2010 ua a gr 000 p ara d
017 ## - رقم الايداع القانونى
رقم الايداع القانونى 9987/2010
المصدر ( الهيئة المختصة) مصر . دار الكتب
020 ## - الرقم الدولى المعيارى للكتب
الرقم الدولى المعيارى للكتاب 9789773277751
040 ## - مصدر الفهرسة
وكالة الفهرسة الأصلية EG-CaGPL
082 04 - رقم تصنيف ديوى العشرى
رقم الطبعة 21
رقم التصنيف 811.5\
رقم المادة م ش
100 0# - المدخل الرئيسى - إسم شخصى
الإسم الشخصى محمد غريب
245 1# - بيان العنوان
العنوان شعر ابى اسحاق الصابئ ( المتوفى 384 هـ ) :
بقية العنوان جمع وتحقيق ودراسة /
بيان المسئوليه,etc محمد غريب
250 ## - بيان الطبعة
بيان الطبعة ط1
260 ## - PUBLICATION, DISTRIBUTION, ETC. (IMPRINT)
تاريخ النشر أو التوزيع 2010
300 ## - الوصف المادى
التعداد 491 ص ؛
أبعاد الوعاء 24 سم
490 ## - بيان السلسلة
عنوان السلسلة من تراثنا الشعرى
رقم المجلد/ التعيين التسلسلي 12
600 04 - المدخل الاضافى بالموضوع-اسم شخصى
الإسم الشخصى ابى اسحاق الصابئ
650 04 - المدخل الاضافى بالموضوع-مصطلح موضوعى
مصطلح موضوعي الادب العربى
650 04 - المدخل الاضافى بالموضوع-مصطلح موضوعى
مصطلح موضوعي الشعر العربى
التقسيم الفرعي العام دواوين وقصائد
650 04 - المدخل الاضافى بالموضوع-مصطلح موضوعى
مصطلح موضوعي الشعر العربى
التقسيم الفرعي العام ابى اسحاق الصابئ
942 ## - عناصر المدخل الإضافي( كوها)
مصدر التصنيف او مخطط الترفيف Dewey Decimal Classification
Koha [default] item type كتاب
260 ## - PUBLICATION, DISTRIBUTION, ETC. (IMPRINT)
-- الاسكندرية :
-- مؤسسسة عبدالعزيز سعود البابطين ،
Holdings
حالة التراجع حالة الفقد حالة تلف ليس للاعارة المكان المؤقت الموقع الحالى تاريخ الاكتساب اجمالي اﻻعارات رقم الطلب الباركود تاريخ اخر مشاهدة تاريخ تفعيل السعر نوع وعاء كوها
        مكتبة القاهرة الكبرى مكتبة القاهرة الكبرى 10/23/2014   811.5\ م ش 158789 10/23/2014 10/23/2014 كتاب

Powered By

EGPV